000 nam a22 7a 4500
999 _c126547
_d126547
008 170726b xxu||||| |||| 00| 0 eng d
050 _aDT433.577.B73 2009
100 _aBranch, Daniel
_933518
245 _aDefeating Mau Mau, creating Kenya
_bCounterinsurgency, civil war and decolonization
_c/ Daniel Branch
260 _aCambridge
_bCambridge University Press
_c2009
300 _axx, 250p. ;
_c24cm.
650 _aKenya
_xHistory
_xMau Mau Emergency
_y1952-1960
_930833
650 _aMau Mau
_xHistory
_y20th Century
_933519
942 _2lcc
_cMONOGRAPH